Viñetas / (Record no. 174698)

MARC details
000 -LEADER
campo de control de longitud fija 00691nam a2200205 4500
001 - NÚMERO DE CONTROL
campo de control 174698
003 - IDENTIFICADOR DE NÚMERO DE CONTROL
campo de control ES-MaACL
005 - FECHA Y HORA DE LA ÚLTIMA TRANSACCIÓN
campo de control 20230906215624.0
008 - DATOS DE LONGITUD FIJA--INFORMACIÓN GENERAL
campo de control de longitud fija 100519s1987 sp f |||| | spa d
017 ## - NÚMERO DE COPYRIGHT O DE DEPÓSITO LEGAL
Número de copyright o de depósito legal M 36138-1987
020 ## - NÚMERO INTERNACIONAL ESTÁNDAR DEL LIBRO
Número Internacional Estándar del Libro 84-86750-00-8
080 ## - NÚMERO DE LA CLASIFICACIÓN DECIMAL UNIVERSAL
Número de la Clasificación Decimal Universal 741.5 Fernández Arias, César
100 1# - ENTRADA PRINCIPAL--NOMBRE DE PERSONA
Nombre de persona Fernández Arias, César.
9 (RLIN) 142895
245 10 - MENCIÓN DEL TÍTULO
Título Viñetas /
Mención de responsabilidad, etc. César Fernández Arias.
260 ## - PUBLICACIÓN, DISTRIBUCIÓN, ETC.
Lugar de publicación, distribución, etc. Madrid :
Nombre del editor, distribuidor, etc. Abril y Buades,
Fecha de publicación, distribución, etc. 1987.
300 ## - DESCRIPCIÓN FÍSICA
Extensión 233 p. :
Otras características físicas todas il. ;
Dimensiones 14 cm.
594 ## - Nota al título y mención de responsabilidad
Nota al título y mención de responsabilidad Ed. con motivo de la exposición de César Fernández Arias en la Galería Buades, Madrid, oct., 1987.
600 14 - PUNTO DE ACCESO ADICIONAL DE MATERIA--NOMBRE DE PERSONA
Nombre de persona Fernández Arias, César.
9 (RLIN) 142895
852 4# - LOCALIZACIÓN
Ubicación ES-MaACL
Número de control de estantería C-57174
Holdings
Estatus retirado Estado de pérdida Estado de daño No para préstamo Biblioteca de origen Biblioteca actual Ubicación en estantería Fecha de adquisición Fuente de adquisición Total de préstamos Signatura topográfica completa Código de barras Visto por última vez Precio de reemplazo Tipo de ítem Koha
        Biblioteca del Ateneo de Madrid Biblioteca del Ateneo de Madrid Depósito 2 19/05/2010     C-57174 1183405 23/02/2023 23/02/2023 Libro impreso